000 00728nam a2200229Ia 4500
003 OSt
005 20220923225938.0
006 a|||||r|||| 00| 0
007 ta
008 Pun
024 _a276,093
037 _cTextual
040 _aARTS
_cARTS
_bPun
041 _2Pun
_aPun
082 _aO153,2N08,DA:g, L4
100 _aਤਾਂਘੀ, ਗੁਰਚਰਨ ਸਿੰਘ
245 0 _aਦਮਯੰਤੀ ਅਤੇ ਮੋਇਆਂ ਸਾਰ ਨਾ ਕਾਈ
_b ਇਕ ਆਲੋਚਨਾਤਮਕ ਅਧਿਐਨ
260 _c1974
650 _aਪੰਜਾਬੀ ਸਾਹਿਤ
942 _hO153,2N08,DA:g, L4
_cTEXL
_2CC
999 _c381513
_d381513